El Salvador: los sucesos políticos de 1932 /
Tallennettuna:
| Päätekijä: | |
|---|---|
| Muut tekijät: | |
| Aineistotyyppi: | Teksti |
| Julkaistu: |
San José:
EDUCA
|
| Tagit: |
Lisää tagi
Ei tageja, Lisää ensimmäinen tagi!
|
MARC
| LEADER | 00000 a a2200000 04500 | ||
|---|---|---|---|
| 001 | 22561 | ||
| 003 | |||
| 040 | |||
| 020 | |a 84-8360-252-0 | ||
| 090 | |a 154500 | ||
| 100 | |a Anderson, Thomas R. | ||
| 245 | |a El Salvador: los sucesos políticos de 1932 / |c Thomas R. Anderson | ||
| 260 | |a San José: |b EDUCA | ||
| 300 | |a 250 p | ||
| 700 | |a Castellanos, Juan Mario |a trad. | ||
| 999 | |c 14989 |d 14989 | ||



